| 000 | 00327nam a2200121Ia 4500 | ||
|---|---|---|---|
| 008 | 210430s9999 xx 000 0 und d | ||
| 082 | _a620.14 K511 I | ||
| 100 |
_aW.D.Kingery _952704 |
||
| 245 |
_aIntroduction to Ceramics _cW.D.Kingery |
||
| 260 |
_aNew York _bJohn Wiley & Sons _c1960 |
||
| 300 | _a1032p. | ||
| 942 |
_cBK _2ddc |
||
| 999 |
_c562240 _d562240 |
||